000
00318nam a2200133 a 4500
001
4140
005
20140414131916.0
008
090218s19uu xx 00 eng d
050
_a
ER
_b
F83 1982
100
_a
Marshall, Edward
245
_a
Fox in love.
260
_a
New York :
_b
Scholastic ,
_c
1982.
999
_c
111450
_d
111450